000 00616nam a2200253 a 4500
003 AR-BaBNM
005 20251128204433.0
008 082120s2002 ||||||||||||||000 | spa||
020 _a950-13-9083-7
040 _cAR-BaBNM
100 1 _aClark, Kenneth
245 0 0 _aCerámica torneada
260 _aBuenos Aires
_bKapelusz
_c1976
300 _a87 p.
_bil., láms.
490 0 _aCómo hacer
650 4 _aARTES PLASTICAS
650 4 _aARTESANIAS
650 4 _aCERAMICA
650 4 _aARTE
650 4 _aEDUCACION ARTISTICA
700 1 _aGhio, Viviana S. de
_etraductor
942 _cBK
998 _cEnrique
999 _c7419
_d7419